Hát đúm Phục lễ - thuỷ nguyên - Hải Phòng Một loại hình dân ca Giao duyên cổ của người Việt Nhìn nhiều góc độ
Khái quát về hát đúm phục lễ-thủy nguyên-Hải Phòng, trình bày đặc điểm âm nhạc; giá trị tiêu biểu hát đúm phục lễ và việc bảo tồn, phát huy hát đúm.
Đã lưu trong:
| Tác giả chính: | |
|---|---|
| Định dạng: | Sách |
| Năm xuất bản: |
H.
Văn hoá thông tin
2011
|
| Chủ đề: | |
| Tags: |
Thêm thẻ
Không có thẻ, Hãy là người đầu tiên gắn thẻ bản ghi này!
|
| LEADER | 00961nam a2200181 4500 | ||
|---|---|---|---|
| 082 | |a 398.8 |b NG527NG | ||
| 100 | |a Nguyễn Ngọc Hải | ||
| 245 | |a Hát đúm Phục lễ - thuỷ nguyên - Hải Phòng |c Nguyễn Ngọc Hải, Nguyễn Đỗ Hiệp |b Một loại hình dân ca Giao duyên cổ của người Việt Nhìn nhiều góc độ | ||
| 260 | |a H. |b Văn hoá thông tin |c 2011 | ||
| 300 | |a 151 tr. |c 21 cm. | ||
| 520 | |a Khái quát về hát đúm phục lễ-thủy nguyên-Hải Phòng, trình bày đặc điểm âm nhạc; giá trị tiêu biểu hát đúm phục lễ và việc bảo tồn, phát huy hát đúm. | ||
| 653 | |a Văn hóa dân gian | ||
| 653 | |a Dân ca | ||
| 653 | |a Thủy Nguyên | ||
| 653 | |a Việt Nam | ||
| 942 | |2 ddc |c SH | ||
| 999 | |c 8431 |d 8431 | ||
| 952 | |0 0 |1 0 |2 ddc |4 0 |6 398_800000000000000_NG527NG |7 0 |8 300 |9 70061 |a qbu |b qbu |c D2 |d 2015-04-07 |g 350000 |o 398.8 NG527NG |p 8161.c1 |r 0000-00-00 |w 2015-04-07 |y SH |0 0 |6 398_800000000000000_NG527NG | ||